Statistics for Movie Villains #2

Click here to take the quiz!

General Stats

  • This quiz has been taken 14,499 times
  • The average score is 15 of 22

Answer Stats

VillainMovie or Series% Correct
The JokerBatman
98%
Cruella de Vil101 Dalmatians
94%
JafarAladdin
88%
ThanosThe Avengers
87%
Hannibal LecterThe Silence of the Lambs
83%
Freddy KruegerA Nightmare on Elm Street
82%
Sheriff of NottinghamRobin Hood
81%
MegatronTransformers
80%
MagnetoX-Men
80%
GastonBeauty and the Beast
77%
MaleficentSleeping Beauty
76%
Michael MyersHalloween
74%
President SnowThe Hunger Games
65%
OddjobGoldfinger
59%
Hal 90002001: A Space Odyssey
55%
KHAAAANN!!!Star Trek
55%
The White WitchThe Chronicles of Narnia
54%
Lots-o'-Huggin' BearToy Story 3
52%
Nurse RatchedOne Flew Over the Cuckoo's Nest
51%
Zuul (minion of Gozer)Ghostbusters
40%
Prince HumperdinckThe Princess Bride
34%
Annie WilkesMisery
33%

Score Distribution

Percentile by Number Answered

Percent of People with Each Score

Your Score History

You have not taken this quiz